Stolice położone najbliżej podanych wysp - Statystyki

Ogólne statystyki
  • Ten quiz został rozwiązany 885 razy
  • Średni wynik to 10 z 20
Statystyki odpowiedzi
Wyspa/Archipelag Stolica % Poprawnych
Kiusiu Seul
85%
Rodos Ateny
81%
Vancouver Ottawa
77%
Wyspa Południowa (Nowa Zelandia) Wellington
77%
Bali Dżakarta
74%
Korsyka Monako
71%
Man Dublin
68%
Jersey Londyn
58%
Falkland Wschodni Montevideo
56%
Sumatra Singapur
56%
Majorka Algier
53%
Hajnan Hanoi
47%
Mindanao Manila
46%
Szetlandy Oslo
43%
Portoryko Santo Domingo
42%
Celebes Dili
35%
Aleuty Tokio
29%
Nowa Kaledonia Port Vila
20%
Ellesmere'a Reykjavik
16%
Vanua Levu Suva
15%
Nie znaleziono quizów pasujących do podanych kryteriów
Rozkład punktacji
Procent ludzi z każdym wynikiem
Percentyl według liczby udzielonych odpowiedzi
Twoja historia wyników
Nie rozwiązałeś tego quizu